Départements de Nouvelle-Aquitaine (Click) - Statistiques

Statistiques générales
  • Ce quiz a été pris 596 fois
  • Le résultat moyen est 9 sur 12
Statistiques - réponses
Hint Réponse % Correct

Pyrénées-Atlantiques
92%

Charente-Maritime
86%

Gironde
83%

Landes
80%

Creuse
76%

Charente
71%

Dordogne
67%

Lot-et-Garonne
66%

Deux-Sèvres
65%

Vienne
59%

Corrèze
57%

Haute-Vienne
49%
Aucun quiz correspondant
Distribution des résultats
% des personnes avec chaque résultat
Percentile par nombre de réponses
Votre historique - résultats
Vous n’avez pas pris ce quiz